| 000 | 01175nam a22002771 4500 | ||
|---|---|---|---|
| 001 | 27464 | ||
| 003 | BD-RjUL | ||
| 005 | 20211209051146.0 | ||
| 008 | 140325r19661930nyuabch b 000 0 eng d | ||
| 035 | _a(BD-RjUL) 27538 | ||
| 040 |
_aDLC _cDLC _dDLC _dBD-RjUL _beng |
||
| 041 | _aeng | ||
| 082 | 0 | 0 |
_a974.4 _bCOM V-4 1966 |
| 245 | 1 | 0 |
_aCommonwealth history of Massachusetts / _cEd. Albert Bushnell Hart, _nVolume Fourth : _pNineteenth Century Massachusetts 1820-1889 |
| 260 |
_aNew York : _bRussell & Russell, _c 1930 [Reprinted1966.] |
||
| 300 |
_a626p. : _bill. ; _c22 cm. |
||
| 500 | _aHalf title: Commonwealth history of Massachusetts; colony, province, and state. | ||
| 500 | _a"First published in 1927." | ||
| 504 | _aIncludes bibliographies. | ||
| 505 | 0 | _av. 1. Colony of Massachusetts Bay, 1605 689.--v. 2. Province of Massachusetts, 1689-1775.--v. 3. Commonwealth of Massachusetts, 1775-1820.--v. 4. Nineteenth century Massachusetts, 1820-1889.--v. 5. Twentieth century Massachusetts, 1889-1930. | |
| 651 | 0 |
_aMassachusetts _xHistory. _974624 |
|
| 700 | 1 |
_aHart, Albert Bushnell _984384 |
|
| 942 |
_2ddc _cBK |
||
| 999 |
_c27464 _d27464 |
||